00394nam a2200133Ia 45000010005000000080041000050200022000460820022000681000018000902450084001082600025001929010028002179990015002452547241024s9999 xx 000 0 und d a978-9945-074-69-7 aRD/972.9304/M375c aRoberto Marte 0aCorrespondencia consular inglesa sobre la Anexión de Santo Domingo a España bEditora Búhoc2012 a14/11/2012 8:47:27 a.m. c7575d7575